| Tag |
First Indicator |
Second Indicator |
Subfields |
| LEADER |
00000cam a2200000 4500 |
| 001 |
in00000068703 |
| 005 |
20151008050255.0 |
| 008 |
760507s1966 mx b 00000 spa |
| 010 |
|
|
|a 67039826
|
| 035 |
|
|
|a (OCoLC)02163428
|
| 035 |
|
|
|9 AAG0244AM
|
| 040 |
|
|
|a DLC
|c IQU
|d TXA
|d UtOrBLW
|
| 049 |
|
|
|a TXAM
|c [474020]
|
| 050 |
0 |
0 |
|a HD113
|b .B3
|
| 092 |
|
|
|a 333.32
|b B276h
|
| 100 |
1 |
|
|a Angelelli, Roberto Barrios.
|
| 245 |
1 |
3 |
|a El hombre es la tierra ;
|b la reforma agraria en el mundo.
|
| 250 |
|
|
|a [1. ed.].
|
| 264 |
|
1 |
|a Mexico :
|b B. Costa-Amic,
|c [1966]
|
| 300 |
|
|
|a 343 pages :
|b maps. ;
|c 20 cm.
|
| 336 |
|
|
|a text
|b txt
|2 rdacontent
|
| 337 |
|
|
|a unmediated
|b n
|2 rdamedia
|
| 338 |
|
|
|a volume
|b nc
|2 rdacarrier
|
| 504 |
|
|
|a Bibliography: pages [335]-339.
|
| 650 |
|
0 |
|a Land tenure.
|
| 650 |
|
0 |
|a Land tenure
|z Mexico.
|
| 999 |
|
|
|a MARS
|
| 999 |
f |
f |
|s cc945f69-f249-3dbf-908e-77ecda621fc0
|i e67c3c8b-89e5-3da4-84c2-d6c8f03f4b22
|t 0
|
| 952 |
f |
f |
|p ric
|a Texas A&M University
|b Rellis Campus
|c Joint Library Facility
|d Remote Storage
|t 0
|e HD113 .B3
|h Library of Congress classification
|i unmediated -- volume
|m A14800740128
|
| 998 |
f |
f |
|a HD113 .B3
|t 0
|l Remote Storage
|